LEADER 02875nam0 22006133i 450 001 VAN0274386 005 20240626015913.107 017 70$2N$a9783030660659 100 $a20240404d2021 |0itac50 ba 101 $aeng 102 $aCH 105 $a|||| ||||| 200 1 $aGame Theory for Cyber Deception$eFrom Theory to Applications$fJeffrey Pawlick, Quanyan Zhu 210 $aCham$cBirkhäuser$cSpringer$d2021 215 $axiii, 190 p.$cill.$d24 cm 410 1$1001VAN0115306$12001 $aStatic & Dynamic Game Theory: Foundations & Applications$1210 $aBasel [etc.]$cBirkhäuser 606 $a91-XX$xGame theory, economics, finance, and other social and behavioral sciences [MSC 2020]$3VANC025601$2MF 606 $a91A80$xApplications of game theory [MSC 2020]$3VANC029259$2MF 606 $a91A10$xNoncooperative games [MSC 2020]$3VANC029377$2MF 606 $a68M25$xComputer security [MSC 2020]$3VANC036400$2MF 606 $a91A18$xGames in extensive form [MSC 2020]$3VANC037834$2MF 606 $a91A65$xHierarchical games (including Stackelberg games) [MSC 2020]$3VANC037847$2MF 606 $a91A27$xGames with incomplete information, Bayesian games [MSC 2020]$3VANC037848$2MF 606 $a91A28$xSignaling and communication in game theory [MSC 2020]$3VANC037849$2MF 606 $a91A16$xMean field games (aspects of game theory) [MSC 2020]$3VANC037850$2MF 610 $aAttacker engagement cybersecurity$9KW:K 610 $aBayesian games$9KW:K 610 $aCyber deception$9KW:K 610 $aCybersecurity$9KW:K 610 $aDefensive deception cyber$9KW:K 610 $aDos attack cybersecurity$9KW:K 610 $aGame Theory$9KW:K 610 $aGames of incomplete information$9KW:K 610 $aHoney-X cybersecurity$9KW:K 610 $aInternet of Things$9KW:K 610 $aLarge population games$9KW:K 610 $aNash games$9KW:K 610 $aObfuscation cybersecurity$9KW:K 610 $aStackelberg games$9KW:K 610 $aStrategic trust cybersecurity$9KW:K 610 $aZero-sum matrix games$9KW:K 620 $aCH$dCham$3VANL001889 700 1$aPawlick$bJeffrey$3VANV226797$01221086 701 1$aZhu$bQuanyan$3VANV226798$0888933 712 $aBirkhäuser $3VANV108193$4650 712 $aSpringer $3VANV108073$4650 801 $aIT$bSOL$c20240628$gRICA 856 4 $uhttps://doi.org/10.1007/978-3-030-66065-9$zE-book ? Accesso al full-text attraverso riconoscimento IP di Ateneo, proxy e/o Shibboleth 899 $aBIBLIOTECA DEL DIPARTIMENTO DI MATEMATICA E FISICA$1IT-CE0120$2VAN08 912 $fN 912 $aVAN0274386 950 $aBIBLIOTECA DEL DIPARTIMENTO DI MATEMATICA E FISICA$d08CONS e-book 8057 $e08eMF8057 20240412 996 $aGame Theory for Cyber Deception$94147374 997 $aUNICAMPANIA LEADER 01721nam0 2200409 i 450 001 VAN00132743 005 20240806100837.621 017 70$2N$a9783319000237 100 $a20210325d2014 |0itac50 ba 101 $aeng 102 $aCH 105 $a|||| ||||| 200 1 $aEconophysics of Agent-Based Models$fFrédéric Abergel ?$bet al.] editors 210 $aCham$cSpringer$d2014 215 $aviii, 302 p.$cill.$d24 cm 410 1$1001VAN00132744$12001 $aNew Economic Windows$1210 $aBerlin [etc.]$cSpringer 500 1$3VAN00134718$aEconophysics of Agent-Based Models$91768701 606 $a91Bxx$xMathematical economics [MSC 2020]$3VANC024654$2MF 610 $aAgent-based Modeling$9KW:K 610 $aAgent-based Models$9KW:K 610 $aComplex Systems$9KW:K 610 $aData-driven science, modeling and theory building$9KW:K 610 $aEconophys-Kolkata VII$9KW:K 610 $aEconophysics Reviewed$9KW:K 610 $aMulti-agent Modelling$9KW:K 610 $aMulti-agent Models$9KW:K 620 $aCH$dCham$3VANL001889 702 1$aAbergel$bFrédéric$3VANV106566 712 $aSpringer $3VANV108073$4650 801 $aIT$bSOL$c20250221$gRICA 856 4 $uhttp://doi.org/10.1007/978-3-319-00023-7$zE-book ? Accesso al full-text attraverso riconoscimento IP di Ateneo, proxy e/o Shibboleth 899 $aBIBLIOTECA DEL DIPARTIMENTO DI MATEMATICA E FISICA$1IT-CE0120$2VAN08 912 $fN 912 $aVAN00132743 950 $aBIBLIOTECA DEL DIPARTIMENTO DI MATEMATICA E FISICA$d08DLOAD e-book 1944 $e08eMF1944 20210325 996 $aEconophysics of Agent-Based Models$91768701 997 $aUNICAMPANIA LEADER 02031nam0 2200517 i 450 001 VAN00124533 005 20260407015349.98 017 70$2N$a9783319951775 100 $a20191021d2018 |0itac50 ba 101 $aeng 102 $aCH 105 $a|||| ||||| 181 $ai$b e 182 $ab 183 $acr 200 1 $aAlgebra$efrom the viewpoint of Galois theory$fSiegfried Bosch 210 $aCham$cBirkhäuser$d2018 215 $aviii, 367 p.$cill.$d24 cm 410 1$1001VAN00044887$12001 $aBirkhäuser advanced texts$1210 $aBasel [etc.]$cBirkhäuser$d1982- 500 1$3VAN00236104$aAlgebra$91101347 606 $a12-XX$xField theory and polynomials [MSC 2020]$3VANC019746$2MF 606 $a12Exx$xGeneral field theory [MSC 2020]$3VANC022116$2MF 606 $a12Fxx$xField extensions [MSC 2020]$3VANC021260$2MF 606 $a20-XX$xGroup theory and generalizations [MSC 2020]$3VANC019715$2MF 610 $aAlgebraic Equations$9KW:K 610 $aAlgebraic closure$9KW:K 610 $aAlternating group$9KW:K 610 $aEuclid$9KW:K 610 $aEuler$9KW:K 610 $aField extensions$9KW:K 610 $aIrreducible polynomial$9KW:K 610 $aProfinite groups$9KW:K 610 $aSplitting field$9KW:K 610 $aWitt vectors$9KW:K 620 $aCH$dCham$3VANL001889 700 1$aBosch$bSiegfried$3VANV041964$041946 712 $aBirkhäuser $3VANV108193$4650 790 1$aBosch, S.$zBosch, Siegfried$3VANV261864 801 $aIT$bSOL$c20260410$gRICA 856 4 $uhttp://doi.org/10.1007/978-3-319-95177-5$zE-book ? Accesso al full-text attraverso riconoscimento IP di Ateneo, proxy e/o Shibboleth 899 $aBIBLIOTECA DEL DIPARTIMENTO DI MATEMATICA E FISICA$1IT-CE0120$2VAN08 912 $fN 912 $aVAN00124533 950 $aBIBLIOTECA DEL DIPARTIMENTO DI MATEMATICA E FISICA$d08DLOAD e-book 1009 $e08eMF1009 20191021 996 $aAlgebra$91101347 997 $aUNICAMPANIA